Symptomatické poruchy řeči u dětí

Bibliographic Details
Main Author: Lechta, Viktor, 1948- (Author)
Other Authors: Křížová, Jana (Translator)
Format: Book
Language:Czech
Slovak
PhysicalDescription:191 s. 21 cm
Published: Praha Portál 2008
ISBN:9788073674335
Edition:Vyd. 2.
Subjects:

MARC

LEADER 00000cam a2200000 a 4500
001 vtls009359628
003 SK-MaSNL
005 20260302043418.0
008 240315s2008 xr f n 010 0 cze
015 |a SNBZSA2010-00171 
020 |a 9788073674335  |q (brož.) 
035 |a AB1762F9-B1F3-4E56-A995-E877F0D9FABF 
035 |a urn:nbn:sk:snk-amk7yx 
035 |a urn:nbn:sk:snk-am008cfm 
040 |a SNK  |b slo  |c SNK  |e AACR2 
041 1 |a cze  |h slo 
044 |a xr  |c CZ 
072 7 |a 616  |x Patológia. Klinická medicína  |2 konspekt 
072 7 |a 376  |x Výchova a vzdelávanie zvláštnych skupín osôb  |2 konspekt 
080 |a 316.344.6-056.26/.3-053.2  |2 2001 
080 |a 316.344.6-056.264-053.2  |2 2001 
080 |a 612.789  |2 2001 
080 |a 616.89-008.434  |2 2001 
080 |a 376.1-056.264  |2 2001 
080 |a (048.8)  |2 2001 
100 1 |a Lechta, Viktor,  |d 1948-  |4 aut  |9 204822 
240 1 0 |a Symptomatické poruchy reči u detí  |l Česky 
245 1 0 |a Symptomatické poruchy řeči u dětí  |c Viktor Lechta ; [z slovenského originálu ... přeložila Jana Křížová] 
250 |a Vyd. 2. 
260 |a Praha  |b Portál  |c 2008 
300 |a 191 s.  |c 21 cm 
504 |a Bibliogr. s. 179-191 
650 0 7 |a zdravotne postihnuté deti  |2 SNKPH  |9 1075 
650 0 7 |a poruchy reči u detí  |2 SNKPH  |9 1090 
650 0 7 |a vývoj reči  |2 SNKPH  |9 71289 
650 0 7 |a poruchy reči  |2 SNKPH  |9 662 
650 0 7 |a logopédia  |2 SNKPH  |9 921 
655 7 |a monografie  |2 SNKPH  |9 70139 
700 1 |a Křížová, Jana  |4 trl 
919 |a 978-80-7367-433-5 
958 |a ZS 
958 |a OP 
958 |a MI 
958 |a NB 
958 |a OND 
999 |c 1086521  |d 1088451 
952 |a SNK  |b SNK  |y PREZ  |7 0  |p 17A0620624  |o snkSC 135867  |i snk2009/8717  |8 4  |g 12.10  |0 0  |1 0  |4 0  |d 2008-12-15  |l 0  |r 2025-07-02 00:00:00  |w 2026-02-24 
952 |a SNK  |b SNK  |y VYP  |7 0  |p 17A0620625  |o snkSC 135867 D1  |i snk2009/8718  |8 4  |g 12.10  |0 0  |1 0  |4 0  |d 2008-12-15  |l 0  |r 2026-02-24 16:44:10  |w 2026-02-24